00246nam a2200097Ia 4500008004100000100001900041245003600060260002800096942000700124999001700131190216s9999||||xx |||||||||||||| ||und|| aRaveendran T K 0aPre Degree Bouthika Preshnavali bKerala Bhasha Institute cBK c38952d38952